00650cam a22001817a 450000500170000000800410001701000100005801100100006803500100007810000320008824501200012026000400024030000110028050200800029165000290037165000320040071000360043220220329141155.0971010s1976 r 00010 d a63839 a64811 a7093900aChacón Martínez, Jorge. 0aCaracterísticas principales de la ganadería bovina lechera en el municipio de Acámbaro, Gto., encuesta censal aChapingo, Méx. :bEl autor,c1976 a104 h. aTesis (Ing. Agrónomo Esp. en Zootecnia) -- ENA. Departamento de Zootecnia14aGanaderíaxGuanajuato.14aGanado lecheroxGuanajuato.0 aENA. Departamento de Zootecnia.